Physics for scientists and engineers, with modern physics. (Record no. 3)
[ view plain ]
| 000 -LEADER | |
|---|---|
| fixed length control field | 00832nac a22002411u 4500 |
| 008 - FIXED-LENGTH DATA ELEMENTS--GENERAL INFORMATION | |
| fixed length control field | 120701s2005 cau||||| |||| 001 0 eng d |
| 010 ## - | |
| -- | 2003107780 |
| 035 ## - SYSTEM CONTROL NUMBER | |
| System control number | (DLC) 2003107780 |
| 082 00 - DEWEY DECIMAL CLASSIFICATION NUMBER | |
| Classification number | 530 |
| Item number | SER |
| Edition number | 22 |
| 100 ## - MAIN ENTRY--PERSONAL NAME | |
| Personal name | Serway, Raymond A. |
| 9 (RLIN) | 30314 |
| 245 10 - TITLE STATEMENT | |
| Title | Physics for scientists and engineers, with modern physics. |
| 250 ## - EDITION STATEMENT | |
| Edition statement | 6th ed. / |
| Remainder of edition statement | Raymond A. Serway, John W. Jewett, Jr. |
| 260 ## - | |
| -- | Belmont, CA : |
| -- | Thomson-Brooks/Cole,2004 |
| -- | c2004. |
| 300 ## - PHYSICAL DESCRIPTION | |
| Extent | xxiii, 1552, 64, 4, 28 p. : |
| Other physical details | ill. (some col.), col. map ; |
| Dimensions | 29 cm. |
| 336 ## - CONTENT TYPE | |
| Source | rdacontent |
| Content type term | text |
| Content type code | txt |
| 337 ## - MEDIA TYPE | |
| Media type term | unmediated |
| Source | rdamedia |
| Media type code | n |
| 338 ## - CARRIER TYPE | |
| Carrier type term | volume |
| Carrier type code | nc |
| Source | rdacarrier |
| 500 ## - GENERAL NOTE | |
| General note | Includes index. |
| 650 #0 - SUBJECT ADDED ENTRY--TOPICAL TERM | |
| Topical term or geographic name as entry element | Physics. |
| 9 (RLIN) | 30315 |
| Source of heading or term | BUEsh |
| 651 ## - SUBJECT ADDED ENTRY--GEOGRAPHIC NAME | |
| Source of heading or term | BUEsh |
| 700 1# - ADDED ENTRY--PERSONAL NAME | |
| Personal name | Jewett, John W. |
| 9 (RLIN) | 30316 |
| 942 ## - ADDED ENTRY ELEMENTS (KOHA) | |
| Koha item type | |
| Call number prefix | 530 SER |
| Source of classification or shelving scheme | Dewey Decimal Classification |
| Classification part | RDA-MOD |
| Withdrawn status | Lost status | Source of classification or shelving scheme | Materials specified (bound volume or other part) | Damaged status | Not for loan | Collection code | Home library | Current library | Shelving location | Date acquired | Source of acquisition | Cost, normal purchase price | Total Checkouts | Total Renewals | Full call number | Barcode | Date last seen | Date checked out | Cost, replacement price | Price effective from | Koha item type |
|---|---|---|---|---|---|---|---|---|---|---|---|---|---|---|---|---|---|---|---|---|---|
| Lost | Dewey Decimal Classification | Lost In Inventory_2018-08-12 | Central Library | Central Library | First floor | 26/03/2013 | 207.00 | 26 | 8 | 530 SER | 000004995 | 25/07/2018 | 25/07/2018 | 258.75 | 08/11/2005 | Book - Borrowing | |||||
| Dewey Decimal Classification | Central Library | Central Library | First floor | 08/11/2005 | 207.00 | 22 | 9 | 530 SER | 000004996 | 15/07/2025 | 25/07/2018 | 258.75 | 08/11/2005 | Book - Borrowing | |||||||
| Dewey Decimal Classification | Central Library | Central Library | First floor | 08/11/2005 | 207.00 | 20 | 3 | 530 SER | 000004999 | 15/07/2025 | 28/11/2019 | 258.75 | 08/11/2005 | Book - Borrowing | |||||||
| Dewey Decimal Classification | Central Library | Central Library | First floor | 08/11/2005 | 207.00 | 10 | 29 | 530 SER | 000004998 | 24/01/2026 | 03/11/2025 | 258.75 | 08/11/2005 | Book - Borrowing | |||||||
| Dewey Decimal Classification | Central Library | Central Library | First floor | 08/11/2005 | 207.00 | 13 | 27 | 530 SER | 000004991 | 15/07/2025 | 31/10/2016 | 258.75 | 08/11/2005 | Book - Borrowing | |||||||
| Dewey Decimal Classification | Central Library | Central Library | First floor | 08/11/2005 | 207.00 | 9 | 20 | 530 SER | 000004994 | 15/07/2025 | 04/05/2016 | 258.75 | 08/11/2005 | Book - Borrowing | |||||||
| Dewey Decimal Classification | Central Library | Central Library | First floor | 05/11/2014 | 207.00 | 18 | 44 | 530 SER | 000004993 | 15/07/2025 | 25/02/2017 | 258.75 | 14/11/2005 | Book - Borrowing | |||||||
| Dewey Decimal Classification | Central Library | Central Library | First floor | 08/11/2005 | 207.00 | 16 | 109 | 530 SER | 000004997 | 15/07/2025 | 01/03/2021 | 258.75 | 22/11/2005 | Book - Borrowing | |||||||
| Dewey Decimal Classification | Central Library | Central Library | First floor | 06/07/2010 | 207.00 | 7 | 40 | 530 SER | 000004992 | 15/07/2025 | 19/12/2016 | 258.75 | 10/07/2006 | Book - Borrowing | |||||||
| Dewey Decimal Classification | Baccah | Central Library | Central Library | First floor | 15/03/2011 | 207.00 | 530 SER | 000005000 | 15/07/2025 | 258.75 | 15/03/2011 | NB - Book (Non borrowing) |